000 00775nam a2200205 a 4500
001 000041506
005 20201002034942.0
008 131009s1991 sp 000 0 spa d
020 _a8400075692
040 _aDO-SdBNP
_bspa
_cBNPHU
100 1 _aGrandgent, C. H.
_968210
245 1 0 _aIntroducción al latín vulgar /
_cC. H. Grandgent ; traducción y anotación por Francisco B. Moll.
260 _aMadrid :
_bC.S.I.C.,
_c1991.
300 _a384 p. ; :
_bil., mapas ;
_c22 cm.
490 1 _aTextos Universitarios ;
_v10
504 _aIncluye referencias bibliográficas y notas al pie de las páginas
710 2 _aConsejo Superior de Investigaciones Científicas (España)
_915178
700 1 _aMoll, Francesc de Borja
_968211
830 0 _aTextos Universitarios
_v10
_91147
999 _c40996
_d40996